[Event "I Internacional Bahía Feliz 2011"]
[Site "C.C.Bahía Feliz(Gran Canaria)"]
[Date "2011.05.20"]
[Round "8.1"]
[White "Mecking, Henrique"]
[Black "Vallejo Pons, Francisco"]
[Result "0-1"]
[WhiteElo "2577"]
[BlackElo "2722"]
[PlyCount "158"]
[EventDate "2011.05.12"]
[EventType "tourn"]
[EventRounds "9"]
[EventCountry "ESP"]
[EventCategory "12"]
[Source "Arranz,Pablo"]
[SourceDate "2011.05.12"]

1. d4 Nf6 2. c4 e6 3. Nc3 Bb4 4. e3 b6 5. Nge2 c5 6. a3 Ba5 7. Rb1 Na6 8. Ng3
O-O 9. Bd3 cxd4 10. exd4 Bxc3+ 11. bxc3 Nc7 12. O-O Ba6 13. Bg5 h6 14. Bxf6
Qxf6 15. c5 Bxd3 16. Qxd3 Nd5 17. Ne4 Qg6 18. c4 Ne7 19. cxb6 axb6 20. Rxb6 d5
21. cxd5 Nxd5 22. Rb3 Rfd8 23. Qf3 Ra4 24. Rd1 Ne7 25. Ng3 Raxd4 26. Rxd4 Rxd4
27. h3 Nd5 28. Qh5 Qf6 29. Qf3 Qe5 30. Rd3 Qe1+ 31. Kh2 Rf4 32. Rd1 Qxf2 33.
Qxf2 Rxf2 34. Ra1 Nf4 35. Kh1 Rxg2 36. Nf1 e5 37. a4 Rg6 38. a5 Ra6 39. Kh2 Ne6
40. Ne3 Nd4 41. Nc4 f6 42. Rb1 Rc6 43. Rb4 Kh7 44. Ra4 Ra6 45. Rb4 Nc6 46. Rb6
Nxa5 47. Rxa6 Nxc4 48. Kg3 Ne3 49. Kf3 Nf5 50. Ra1 Kg6 51. Ke4 Ng3+ 52. Kf3 Nh5
53. Ke4 Nf4 54. Ra3 h5 55. h4 Ne6 56. Rg3+ Kf7 57. Ra3 Nd4 58. Ra7+ Kg6 59. Ra2
Kh6 60. Ra6 Ne2 61. Ra3 Nf4 62. Rb3 Kh7 63. Kf5 Ng6 64. Rb4 Ne7+ 65. Ke6 Ng8
66. Rb1 Nh6 67. Ra1 Ng4 68. Kf5 Kh6 69. Ra8 Ne3+ 70. Ke6 Ng2 71. Kf7 Nxh4 72.
Rh8+ Kg5 73. Kxg7 f5 74. Rg8 e4 75. Kf7+ Kf4 76. Kf6 e3 77. Re8 Nf3 78. Ra8 e2
79. Ra4+ Kg3 0-1

[Event "I Internacional Bahía Feliz 2011"]
[Site "C.C.Bahía Feliz(Gran Canaria)"]
[Date "2011.05.20"]
[Round "8.4"]
[White "Kindermann, Stefan"]
[Black "Hertneck, Gerald"]
[Result "1/2-1/2"]
[WhiteElo "2515"]
[BlackElo "2552"]
[PlyCount "64"]
[EventDate "2011.05.12"]
[EventType "tourn"]
[EventRounds "9"]
[EventCountry "ESP"]
[EventCategory "12"]
[Source "Arranz,Pablo"]
[SourceDate "2011.05.12"]

1. e4 e6 2. d4 d5 3. Nd2 Nf6 4. e5 Nfd7 5. Bd3 c5 6. c3 Nc6 7. Ne2 cxd4 8. cxd4
f6 9. exf6 Qxf6 10. Nf3 h6 11. O-O Bd6 12. Ng3 O-O 13. Bc2 Rd8 14. Re1 Nf8 15.
Ne5 Qh4 16. f4 Bd7 17. Be3 Be8 18. Rf1 Rac8 19. a3 Rc7 20. Bd3 Bxe5 21. dxe5
Ng6 22. Rf3 Qe7 23. Rf2 Bf7 24. Rc1 Rdc8 25. Rcc2 Qd8 26. h3 Nce7 27. Rxc7 Qxc7
28. Rc2 Qd8 29. Rxc8 Qxc8 30. Qa4 a6 31. Qb4 Nc6 32. Qd6 Nge7 1/2-1/2

[Event "I Internacional Bahía Feliz 2011"]
[Site "C.C.Bahía Feliz(Gran Canaria)"]
[Date "2011.05.20"]
[Round "8.5"]
[White "Mateo, Ramon"]
[Black "Nyzhnyk, Illya"]
[Result "1/2-1/2"]
[WhiteElo "2422"]
[BlackElo "2583"]
[PlyCount "60"]
[EventDate "2011.05.12"]
[EventType "tourn"]
[EventRounds "9"]
[EventCountry "ESP"]
[EventCategory "12"]
[Source "Arranz,Pablo"]
[SourceDate "2011.05.12"]

1. e4 c5 2. Nf3 d6 3. d4 cxd4 4. Qxd4 a6 5. Bg5 Nc6 6. Qd2 h6 7. Bf4 Nf6 8. Nc3
e5 9. Bg3 Be6 10. Be2 Be7 11. O-O Rc8 12. Rfd1 g5 13. Qe1 Qb6 14. a3 Nb8 15.
Bd3 Nbd7 16. Rab1 O-O 17. Qd2 Nh5 18. Be2 Ndf6 19. Ne1 Qc5 20. Nd3 Qa7 21. Bxh5
Nxh5 22. Nb4 Nf6 23. h4 a5 24. hxg5 Nh5 25. Nbd5 Bxg5 26. Qd3 Nxg3 27. Qxg3 Kh7
28. Nb5 Qc5 29. Nxd6 Rc6 30. Nf5 Bxf5 1/2-1/2

[Event "I Internacional Bahía Feliz 2011"]
[Site "C.C.Bahía Feliz(Gran Canaria)"]
[Date "2011.05.21"]
[Round "9.2"]
[White "Hertneck, Gerald"]
[Black "Mateo, Ramon"]
[Result "0-1"]
[WhiteElo "2552"]
[BlackElo "2422"]
[PlyCount "85"]
[EventDate "2011.05.12"]
[EventType "tourn"]
[EventRounds "9"]
[EventCountry "ESP"]
[EventCategory "12"]
[Source "Arranz,Pablo"]
[SourceDate "2011.05.12"]

1. d4 Nf6 2. c4 e6 3. g3 c5 4. Nf3 cxd4 5. Nxd4 a6 6. Bg2 Qc7 7. b3 Nc6 8. O-O
Bc5 9. Bb2 O-O 10. e3 Rd8 11. Ne2 b5 12. Bxf6 gxf6 13. Nf4 bxc4 14. Nd2 Bb7 15.
Qg4+ Kh8 16. Nh5 Rg8 17. Qh4 Be7 18. Nxf6 Rg7 19. Qh6 c3 20. Nde4 Ne5 21. Rac1
c2 22. Ng5 Bxf6 23. Qxf6 Bxg2 24. Kxg2 d6 25. h4 Kg8 26. h5 Rc8 27. e4 h6 28.
Nh3 Qc6 29. f3 Nd3 30. Qxh6 Nxc1 31. Rxc1 Qc5 32. Qd2 Qxh5 33. Nf2 Qg5 34. Qxg5
Rxg5 35. Nd3 Rc3 36. Nb4 Ra5 37. Kf2 Ra3 38. Ke2 a5 39. Nd3 Rxa2 40. Kd2 Rxb3
41. Ne1 a4 42. Rxc2 Rxc2+ 43. Kxc2 0-1

[Event "I Internacional Bahía Feliz 2011"]
[Site "C.C.Bahía Feliz(Gran Canaria)"]
[Date "2011.05.21"]
[Round "9.3"]
[White "Bromberger, Stefan"]
[Black "Kindermann, Stefan"]
[Result "1/2-1/2"]
[WhiteElo "2505"]
[BlackElo "2515"]
[PlyCount "122"]
[EventDate "2011.05.12"]
[EventType "tourn"]
[EventRounds "9"]
[EventCountry "ESP"]
[EventCategory "12"]
[Source "Arranz,Pablo"]
[SourceDate "2011.05.12"]

1. d4 d5 2. c4 c6 3. Nf3 Nf6 4. Nc3 dxc4 5. a4 Bf5 6. e3 e6 7. Bxc4 Bb4 8. O-O
O-O 9. Qe2 Bg4 10. h3 Bh5 11. Rd1 Nbd7 12. e4 Qe7 13. e5 Nd5 14. Ne4 f5 15.
exf6 N7xf6 16. Ng3 Bxf3 17. Qxf3 a5 18. Qe2 Rae8 19. Bd2 Bxd2 20. Qxd2 Qb4 21.
Qxb4 Nxb4 22. Rd2 Nbd5 23. Re1 Kf7 24. Rde2 g6 25. Nf1 Re7 26. Nd2 Rd8 27. Nf3
h6 28. g3 Rd6 29. Bb3 Kg7 30. Ne5 b5 31. Rc1 Nb4 32. Nf3 Nfd5 33. h4 bxa4 34.
Bxa4 Nb6 35. Bc2 N6d5 36. Bb1 Rb7 37. Kg2 Ne7 38. Be4 Nbd5 39. Ne5 Nf6 40. Bf3
Rxd4 41. Nxc6 Nxc6 42. Rxc6 Re7 43. Rexe6 Rxe6 44. Rxe6 Rd2 45. Re7+ Kf8 46.
Rb7 g5 47. hxg5 hxg5 48. g4 Rd4 49. Kg3 Rb4 50. Rxb4 axb4 51. Bc6 Kf7 52. f4
Kg6 53. Kf3 Kh6 54. Be4 Nd7 55. b3 Nc5 56. Bd5 gxf4 57. Kxf4 Nd3+ 58. Kf5 Kg7
59. Ke4 Nc1 60. Kd4 Kf6 61. Kc4 Na2 1/2-1/2

[Event "I Internacional Bahía Feliz 2011"]
[Site "C.C.Bahía Feliz(Gran Canaria)"]
[Date "2011.05.21"]
[Round "9.4"]
[White "Ragger, Markus"]
[Black "Vega Gutierrez, Sabrina Neide"]
[Result "1-0"]
[WhiteElo "2674"]
[BlackElo "2306"]
[PlyCount "63"]
[EventDate "2011.05.12"]
[EventType "tourn"]
[EventRounds "9"]
[EventCountry "ESP"]
[EventCategory "12"]
[Source "Arranz,Pablo"]
[SourceDate "2011.05.12"]

1. e4 c5 2. c3 d5 3. exd5 Qxd5 4. d4 e6 5. Nf3 Nf6 6. Bd3 cxd4 7. cxd4 Nc6 8.
Nc3 Qd6 9. a3 Be7 10. O-O O-O 11. Be3 b6 12. Qe2 Bb7 13. Rad1 Rad8 14. Rfe1
Rfe8 15. Bb1 g6 16. Ba2 Na5 17. Ne5 Bf8 18. Bg5 Bg7 19. Nb5 Qb8 20. Ng4 Nxg4
21. Qxg4 Rd7 22. Rxe6 Bd5 23. Re3 Qc8 24. Nxa7 Rxa7 25. Rxe8+ Qxe8 26. Bxd5 Rd7
27. Qf3 Bxd4 28. b4 Qe5 29. bxa5 Rxd5 30. Bf6 Qe6 31. Qxd5 Qxd5 32. Rxd4 1-0